| 000 | 00362 a2200145 4500 | ||
|---|---|---|---|
| 001 | 65505 | ||
| 082 | _a621.3192OMA | ||
| 090 |
_c38352 _d38352 |
||
| 100 | _aO'Malley John R | ||
| 245 |
_aCircuit Analysis _cMalley 'O. John R |
||
| 260 |
_aNew York _bPrentice Hall _c1980 |
||
| 300 | _axxii, 210 | ||
| 500 | _aBE textbook Avionics | ||
| 600 | _aOMalley | ||
| 942 |
_aNUST-CAE _cTXT _k621.3192OMA |
||
| 999 |
_c300578 _d300578 |
||